000 00864nam a22002177a 4500
001 6369
003 FISKH
005 20250424110620.0
008 250424b cb ||||| |||| 00| 0 eng d
020 _a9780198393085
040 _aFISKH
_beng
_cFISKH
_dFISKH
082 _a910.71241
100 _aGallagher, RoseMarie
245 _aGeog.1 :
_bTeacher's handbook /
_cBy RoseMarie Gallagher
250 _aFirst published 2000
260 _aOxford :
_bOxford University Press ,
_c2014.
300 _a168 pages :
_billustrations ;
_c30 cm .
520 _aA new edition of geog.1 Teacher's Handbook, providing vital and outstanding support for teachers using the new edition geog.1 Student Book - which has been revised and updated to deliver the new Programme of Study for Geography at Key Stage 3 (for teaching from 2014).
942 _2ddc
_cBK
_n0
999 _c6369
_d6369